000 00927 a2200217 4500
001 25303
005 20260407155537.0
008 260407a2012 arg spa d
003 AR-UNSa-BCEJYS
040 _aAR-UNSa-BCEJYS
_bspa
_cAR-UNSa-BCEJYS
080 _a174
_xEtica Profesional
245 1 0 _aBrechas éticas en las organizaciones
_psistemas virtuosos y tramas perversas
020 _a978-987-1486-64-9
264 1 _aBuenos Aires :
_bCengage Learning
_c2012
300 _a204 p.
_c24 cm.
505 _a1. Los fundamentos éticos - 2. Etica en las organizaciones - 3. Racionalidad y subjetividad - 4. Armonías y disonancias - 5. La doble moral - 6. Vacío ético y corrupción - 7. Relaciones entre el discurso y la praxis - 8. Diálogo, cooperación y confianza - 9. La gestión socialmente responsable
041 _aspa
942 _cBK
590 _aniveau_biblio:m niveau_hierar:0
100 1 _aEtkin, Jorge Ricardo
999 _c1358
_d1358